अभिनय कसा करावा (Record no. 1062217)

MARC details
000 -LEADER
fixed length control field 00581nam a2200193Ia 4500
008 - FIXED-LENGTH DATA ELEMENTS--GENERAL INFORMATION
fixed length control field 151119s9999||||xx |||||||||||||| ||und||
082 ## - DEWEY DECIMAL CLASSIFICATION NUMBER
Classification number 791.4
082 ## - DEWEY DECIMAL CLASSIFICATION NUMBER
Item number GKKV7573
100 ## - MAIN ENTRY--PERSONAL NAME
Personal name जागीरदार गजानन
245 ## - TITLE STATEMENT
Title अभिनय कसा करावा
260 ## - PUBLICATION, DISTRIBUTION, ETC. (IMPRINT)
Place of publication, distribution, etc --
260 ## - PUBLICATION, DISTRIBUTION, ETC. (IMPRINT)
Name of publisher, distributor, etc --
260 ## - PUBLICATION, DISTRIBUTION, ETC. (IMPRINT)
Date of publication, distribution, etc 0
600 ## - SUBJECT ADDED ENTRY--PERSONAL NAME
Personal name जागीरदार गजानन
630 ## - SUBJECT ADDED ENTRY--UNIFORM TITLE
Uniform title अभिनय कसा करावा
700 ## - ADDED ENTRY--PERSONAL NAME
Personal name जागीरदार गजानन
730 ## - ADDED ENTRY--UNIFORM TITLE
Uniform title अभिनय कसा करावा
942 ## - ADDED ENTRY ELEMENTS (KOHA)
Koha item type Book
Holdings
Withdrawn status Lost status Damaged status Not for loan Home library Current library Date acquired Cost, normal purchase price Total Checkouts Full call number Barcode Date last seen Cost, replacement price Price effective from Koha item type
        G.K. Khandekar Vachanalaya, Mulund G.K. Khandekar Vachanalaya, Mulund 06/23/2012 0.00   GKKV7573 GKKV7573 11/19/2015 0.00 11/19/2015 Book